000 00720nam a2200217 a 4500
005 20240807063751.0
008 030129s1986 es r 000 0 spa d
020 _a8427707533
035 _aUPN01000121701
049 _aF
050 4 _aQA444
_bC3.4
100 1 _aCallejo de la Vega, María Luz
_936763
245 1 3 _aLa geometría en el aprendizaje de las matemáticas /
_cMaría Luz Callejo de la Vega, María Teresa Lebron Gallardo ; colab. Luisa Acero ... [et al.].
260 _aMadrid :
_bNarcea,
_c1986.
300 _a43 p. :
_bil.
440 0 _aApuntes I.E.P.S. ;
_v44
650 4 _aGeometría
_95328
700 1 _aLebron Gallardo, María Teresa,
_ecoaut.
700 1 _aAcero, Luisa,
_ecolab.
905 _aLibro
999 _c93914
_d93914